| 000 | 00616nam a2200205 a 4500 | ||
|---|---|---|---|
| 005 | 20240412063651.0 | ||
| 008 | 041123s2000 mx r 000 0 spa d | ||
| 020 | _a9687681896 | ||
| 035 | _aUPN01000136508 | ||
| 049 | _aCG | ||
| 050 | 4 |
_aHF5630 _bM6.6 2000 |
|
| 100 | 1 | _aMontejo González, Miguel Angel | |
| 245 | 1 | 0 |
_aPrincipios contables del IMPC y leyes fiscales / _cMiguel Angel Montejo González. |
| 250 | _a2a ed. | ||
| 260 |
_aMéxico : _bECAFSA, _c2000. |
||
| 300 | _a248 p. | ||
| 650 | 4 |
_aContabilidad _xEstudio y enseñanza _912260 |
|
| 650 | 4 |
_aCONTABILIDAD - _xTERMINOLOGIA _912284 |
|
| 905 | _aLibro | ||
| 999 |
_c108659 _d108659 |
||